El Mundo de las catedrales novohispanas / (Record no. 71540)

MARC details
000 -LEADER
fixed length control field 00804cam a2200205 a 4500
008 - FIXED-LENGTH DATA ELEMENTS--GENERAL INFORMATION
fixed length control field 040820t20022002mx a 000 0 spa u
020 ## - INTERNATIONAL STANDARD BOOK NUMBER
International Standard Book Number 9688636142
050 04 - LIBRARY OF CONGRESS CALL NUMBER
Classification number NA5257 .P8
Item number M85 2002
245 03 - TITLE STATEMENT
Title El Mundo de las catedrales novohispanas /
Statement of responsibility, etc Montserrat Galí Boadella, coordinadora.
250 ## - EDITION STATEMENT
Edition statement 1a ed.
260 ## - PUBLICATION, DISTRIBUTION, ETC. (IMPRINT)
Place of publication, distribution, etc Puebla, Pue., México :
Name of publisher, distributor, etc Benemérita Universidad Autónoma de Puebla, Instituto de Ciencias Sociales y Humanidades,
Date of publication, distribution, etc c2002
300 ## - PHYSICAL DESCRIPTION
Extent 302 p. ;
Dimensions 21 cm.
500 ## - GENERAL NOTE
General note 2 ejemplares
650 #7 - SUBJECT ADDED ENTRY--TOPICAL TERM
Topical term or geographic name as entry element Arquitectura religiosa
Geographic subdivision Puebla (México)
Chronological subdivision Siglo XVI
Source of heading or term Lemb
650 #7 - SUBJECT ADDED ENTRY--TOPICAL TERM
Topical term or geographic name as entry element Arquitectura colonial
Geographic subdivision Puebla (México)
Chronological subdivision Siglo XVI
Source of heading or term Lemb
650 #7 - SUBJECT ADDED ENTRY--TOPICAL TERM
Topical term or geographic name as entry element Catedrales
Geographic subdivision Puebla (México)
Source of heading or term Lemb
700 1# - ADDED ENTRY--PERSONAL NAME
Personal name Galí Boadella, Montserrat, coord.
942 ## - ADDED ENTRY ELEMENTS (KOHA)
Source of classification or shelving scheme Biblioteca del Cogreso de los Estados Unidos
Koha item type Libro
Holdings
Estado de pérdida Fuente de clasificación Estado del daño No para préstamo Ubicación permanente Ubicación actual Apartado o colección Fecha de adquisición Área del conocimiento Clasificación Código de Barras Date last seen Número de copia Tipo de recurso
  Biblioteca del Cogreso de los Estados Unidos     Biblioteca del Instituto de Investigaciones Históricas Biblioteca del Instituto de Investigaciones Históricas General 09/11/2018 Ciencias Sociales y Administrativas NA5257 .P8M85 2002 IIH000026790 09/11/2018 C:1 Libro
  Biblioteca del Cogreso de los Estados Unidos     Biblioteca del Instituto de Investigaciones Históricas Biblioteca del Instituto de Investigaciones Históricas General 09/11/2018 Ciencias Sociales y Administrativas NA5257 .P8M85 2002 IIH000003769 09/11/2018 C:2 Libro